Axel's castle : (Record no. 84930)
[ view plain ]
| 000 -LEADER | |
|---|---|
| fixed length control field | 00738cam a22002171a 4500 |
| 003 - CONTROL NUMBER IDENTIFIER | |
| rucl marc code | BD-RjUL |
| 005 - DATE AND TIME OF LATEST TRANSACTION | |
| control field | 20250517164234.0 |
| 008 - FIXED-LENGTH DATA ELEMENTS--GENERAL INFORMATION | |
| fixed length control field | 250517s1959 nyu 000 0 eng d |
| 040 ## - CATALOGING SOURCE | |
| Original cataloging agency | ANL |
| Language of cataloging | eng |
| Transcribing agency | ANL |
| 041 ## - LANGUAGE CODE | |
| Language code of text/sound track or separate title | eng |
| 082 04 - DEWEY DECIMAL CLASSIFICATION NUMBER | |
| Classification number | 809 |
| Edition number | 19 |
| Author mark and year | WIA 1959 |
| 100 1# - MAIN ENTRY--PERSONAL NAME | |
| Personal name | Wilson, Edmund, |
| Dates associated with a name | 1895-1972. |
| 9 (RLIN) | 15467 |
| 245 10 - TITLE STATEMENT | |
| Title | Axel's castle : |
| Remainder of title | a study in the imaginative literature of 1870-1930 / |
| Statement of responsibility, etc. | by Edmund Wilson. |
| 260 ## - PUBLICATION, DISTRIBUTION, ETC. (IMPRINT) | |
| Place of publication, distribution, etc. | New York, |
| Date of publication, distribution, etc. | 1959 |
| Name of publisher, distributor, etc. | Charless Scribner's |
| 300 ## - PHYSICAL DESCRIPTION | |
| Pagination | 319 p. ; |
| Size | 18 cm |
| 650 #0 - SUBJECT ADDED ENTRY--TOPICAL TERM | |
| Topical term or geographic name as entry element | Literature, Modern |
| Chronological subdivision | 20th century |
| General subdivision | History and criticism. |
| 9 (RLIN) | 15468 |
| Topical term or geographic name as entry element | Literature, Modern |
| Chronological subdivision | 19th century |
| General subdivision | History and criticism. |
| 9 (RLIN) | 15469 |
| Topical term or geographic name as entry element | Symbolism in literature. |
| 9 (RLIN) | 15470 |
| 942 ## - ADDED ENTRY ELEMENTS (KOHA) | |
| Source of classification or shelving scheme | Dewey Decimal Classification |
| Koha item type | Books |
| Lost status | Source of classification or shelving scheme | Damaged status | Not for loan | Collection code | Permanent Location | Current Location | Shelving location | Date acquired | Total Checkouts | Full call number | Date last seen | Copy number | Koha item type |
|---|---|---|---|---|---|---|---|---|---|---|---|---|---|
| Dewey Decimal Classification | Not For Loan | Non-fiction | Central Library, University of Rajshahi | Central Library, University of Rajshahi | Reading Room | 17/05/2025 | 809 WIA 1959 | 17/05/2025 | C-2 | Books |